000 01243nam a2200313 i 4500
001 8169
003 KOSZ 005
005 20201105085205.0
008 080731s1956 pl a f 001 0 pol
015 _aPB 1956/3778
040 _aWA N
_cKOSZ 005/RW
_dKOSZ 005/RW
041 1 _apol
_hrus
080 _a517
100 1 _aStepanov, Vâčeslav Vasil'evič
_d(1899-1950).
_eAutor.
245 1 0 _aRównania różniczkowe /
_cW. W. Stiepanow ; wyd. pol. oprac. i przypisami uzupełnił Tadeusz Ważewski ; [z ros. tł. Abraham Goetz, Stefan Drobot, Roman Hampel].
246 1 _iTyt. oryg.:
_aKurs differencial'nyh uravnenij.
260 _aWarszawa :
_bPaństwowe Wydawnictwo Naukowe,
_c1956.
300 _a498 s. :
_bil., err. ;
_c25 cm.
380 _aKsiążki.
504 _aIndeks.
650 4 _aRównania różniczkowe
700 1 _aWażewski, Tadeusz
_d(1896-1972).
_eOprac.
700 1 _aHampel, Roman
_d(1907-1963)
700 1 _aDrobot, Stefan
_d(1913- ).
_eTłumaczenie
710 2 _aPaństwowe Wydawnictwo Naukowe
_4pbl.
700 1 _aGoetz, Abraham
_eTłumaczenie
856 _uhttp://koha.tu.koszalin.pl/cgi-bin/koha/opac-detail.pl?biblionumber=8169
_yKatalog online BPK
942 _2UKD
_cKS
999 _c8169
_d8169